[Event "Belgrade-chT"]
[Site "Belgrade"]
[Date "2019.10.03"]
[Round "10.4"]
[White "Dikic, Veljko"]
[Black "Vujovic, Milan Z"]
[Result "1/2-1/2"]
[WhiteElo "2069"]
[BlackElo "2048"]
[PlyCount "30"]
[EventDate "2019.09.23"]
[EventType "team-tourn"]
[EventRounds "11"]
[EventCountry "SRB"]
[SourceTitle "EXT 2020"]
[Source "ChessBase"]
[SourceDate "2019.10.17"]
[SourceVersion "1"]
[SourceVersionDate "2019.10.17"]
[SourceQuality "1"]
[WhiteTeam "Tadic"]
[BlackTeam "Belgrade EDB"]
[WhiteTeamCountry "SRB"]
[BlackTeamCountry "SRB"]

1. e4 d6 2. d4 Nf6 3. Nc3 g6 4. f4 Bg7 5. Nf3 0-0 6. Bd3 Nc6 7. 0-0 Bg4 8. Ne2 e5 9. d5 Nd4 10. Nexd4 exd4 11. h3 Bxf3 12. Qxf3 Nd7 13. Bd2 Nc5 14. Rfe1 Re8 15. Bb5 Nd7 1/2-1/2

[Event "Belgrade-chTB Quality"]
[Site "Belgrade"]
[Date "2018.10.06"]
[Round "3.6"]
[White "Vujovic, Milan Z"]
[Black "Radojkovic, Vladica R"]
[Result "1/2-1/2"]
[WhiteElo "2094"]
[BlackElo "1984"]
[PlyCount "91"]
[EventDate "2018.09.29"]
[EventType "team-tourn"]
[EventRounds "11"]
[EventCountry "SRB"]
[SourceTitle "CBM 187 Extra"]
[Source "ChessBase"]
[SourceDate "2018.11.04"]
[SourceVersion "1"]
[SourceVersionDate "2018.11.04"]
[SourceQuality "1"]
[WhiteTeam "Belgrade EDB"]
[BlackTeam "Belgrade Rakovica"]
[WhiteTeamCountry "SRB"]
[BlackTeamCountry "SRB"]

1. d4 g6 2. Nf3 Bg7 3. Bf4 c5 4. e3 cxd4 5. exd4 Qb6 6. b3 d6 7. Be2 Nc6 8. c3 e5 9. Be3 Qc7 10. 0-0 Nge7 11. Na3 a6 12. dxe5 dxe5 13. Nc4 0-0 14. Nb6 Rb8 15. Nxc8 Rbxc8 16. Rc1 Rfd8 17. Qc2 Nd5 18. Bg5 f6 19. Bd2 Kh8 20. Rfd1 f5 21. c4 Nf6 22. Bc3 Ne4 23. Be1 Nd4 24. Nxd4 exd4 25. Bd3 Qf4 26. g3 Qe5 27. Qe2 Nc3 28. Qxe5 Bxe5 29. Bxc3 dxc3 30. Bc2 Rd2 31. Kf1 Bd4 32. Rxd2 cxd2 33. Rd1 Bc3 34. Ke2 Rd8 35. h3 Kg7 36. g4 fxg4 37. hxg4 Kf6 38. f4 Ke6 39. Rh1 Kf6 40. Rxh7 d1Q+ 41. Bxd1 Rd2+ 42. Ke3 Rxd1 43. Rxb7 a5 44. Rb6+ Kf7 45. Rb7+ Kf6 46. Rb6+ 1/2-1/2

[Event "Belgrade-chT"]
[Site "Belgrade"]
[Date "2017.11.01"]
[Round "10.7"]
[White "Lorens Ristovic, Lami M"]
[Black "Vujovic, Milan Z"]
[Result "0-1"]
[WhiteElo "2099"]
[BlackElo "2065"]
[PlyCount "86"]
[EventDate "2017.10.01"]
[EventType "team-tourn"]
[EventRounds "11"]
[EventCountry "SRB"]
[SourceTitle "CBM 181 Extra"]
[Source "ChessBase"]
[SourceDate "2017.12.12"]
[SourceVersion "1"]
[SourceVersionDate "2017.12.12"]
[SourceQuality "1"]
[WhiteTeam "Cyril i Metodije"]
[BlackTeam "Belgrade EDB"]
[WhiteTeamCountry "SRB"]
[BlackTeamCountry "SRB"]

1. c4 b6 2. d4 e6 3. Nc3 Bb7 4. e3 Bb4 5. Nge2 Nf6 6. a3 Bxc3+ 7. Nxc3 0-0 8. b4 d6 9. Bb2 Nbd7 10. f3 e5 11. d5 Nh5 12. Qd2 f5 13. Qf2 a5 14. Be2 Qg5 15. 0-0 Ba6 16. Rac1 Nhf6 17. Rfd1 Qg6 18. Qh4 h6 19. Rf1 Qh7 20. f4 g6 21. h3 Qg7 22. Qf2 Rfe8 23. g3 Re7 24. Bd3 Rae8 25. Rce1 exf4 26. exf4 Kf8 27. Rxe7 Qxe7 28. Rd1 Kf7 29. Kf1 Nh5 30. g4 fxg4 31. hxg4 Nhf6 32. Be2 Ne4 33. Qe3 Nxc3 34. Qxe7+ Rxe7 35. Bxc3 Re3 36. Rc1 axb4 37. axb4 Nf6 38. Bxf6 Kxf6 39. b5 Bc8 40. Kf2 Ra3 41. Rh1 Kg7 42. Rd1 Ra2 43. Ke3 Rxe2+ 0-1

[Event "Belgrade-chT"]
[Site "Belgrade"]
[Date "2017.10.14"]
[Round "4.6"]
[White "Stefanovic, Marko"]
[Black "Vujovic, Milan Z"]
[Result "0-1"]
[WhiteElo "1812"]
[BlackElo "2065"]
[PlyCount "70"]
[EventDate "2017.10.01"]
[EventType "team-tourn"]
[EventRounds "11"]
[EventCountry "SRB"]
[SourceTitle "CBM 181 Extra"]
[Source "ChessBase"]
[SourceDate "2017.12.12"]
[SourceVersion "1"]
[SourceVersionDate "2017.12.12"]
[SourceQuality "1"]
[WhiteTeam "Vidikovac"]
[BlackTeam "Belgrade EDB"]
[WhiteTeamCountry "SRB"]
[BlackTeamCountry "SRB"]

1. e4 e6 2. d4 d5 3. exd5 exd5 4. Nf3 Bd6 5. Nc3 c6 6. Ne5 Qe7 7. Qe2 Bf5 8. Be3 Bxe5 9. dxe5 Qxe5 10. 0-0-0 Nf6 11. Qd2 0-0 12. Bd4 Qd6 13. Qg5 Bg6 14. Be5 Qe6 15. Bd3 h6 16. Qg3 Nh5 17. Qe3 Bxd3 18. cxd3 Nd7 19. d4 f6 20. g4 fxe5 21. gxh5 Qf5 22. dxe5 Qxe5 23. Qh3 Qf4+ 24. Rd2 Ne5 25. Ne2 Qf5 26. Qxf5 Rxf5 27. Ng3 Rf3 28. Re2 Nd3+ 29. Kd2 Nxf2 30. Rg1 Raf8 31. Re7 R3f7 32. Re6 Nh3 33. Rge1 Rf2+ 34. Kc3 c5 35. Kb3 R8f3+ 0-1

[Event "Belgrade-chT Quality"]
[Site "Belgrade"]
[Date "2016.10.15"]
[Round "5.5"]
[White "Vujovic, Milan Z"]
[Black "Milosevic, Milos"]
[Result "0-1"]
[WhiteElo "2094"]
[BlackElo "2059"]
[PlyCount "58"]
[EventDate "2016.10.01"]
[EventType "team-tourn"]
[EventRounds "11"]
[EventCountry "SRB"]
[SourceTitle "EXT 2018"]
[Source "ChessBase"]
[SourceDate "2017.10.13"]
[SourceVersion "1"]
[SourceVersionDate "2017.10.13"]
[SourceQuality "1"]

1. e4 c5 2. c3 d5 3. exd5 Qxd5 4. d4 Nc6 5. Nf3 Bg4 6. Be2 e6 7. Na3 Qd8 8. Nc2 Nf6 9. 0-0 Be7 10. dxc5 Bxc5 11. Bg5 Qc7 12. Bxf6 gxf6 13. Nfd4 Bxe2 14. Nxe2 Rd8 15. Qe1 Rg8 16. Rd1 Ne5 17. Rxd8+ Qxd8 18. Ng3 h5 19. Qe2 Kf8 20. Rd1 Qc7 21. Ne4 Ng4 22. g3 Bb6 23. Nd4 f5 24. Nd2 h4 25. Nc4 Nxf2 26. Nxb6 Nxd1 27. Nc4 hxg3 28. h3 Nf2 29. Kg2 Nxh3 0-1